00600nam a22002057a 450000500170000001000130001702000220003003500130005203700160006504000120008108200110009324500940010426000390019827000450023730000210028265000230030365000200032670000250034670000230037120170124110204.0 aA-597474 c00.00a8170232864 aA-597474 bCen Lib/Ret aDPLbEN aNbAWA aAwasthe :cedited by Anna Sujatha Mathai; translated by Shantinath Desaibthe condition / aNew DelhibAllied Publishersc1990 a13/14, Asaf Ali Road bNew Delhie110002 a190p. c21cm(Hb) aEnglish Literature aEnglish Fiction aMatha, Anna Sujatha  aDesai, Shantinath